000 00457nam a2200169 a 4500
001 0000-8884
003 ELIB.Books
008 110520 1988
035 _a(ELIB.Books)0000-9032
082 _a266.009
_bHes
100 _aHesselgrave, David J.
245 _aToday's Choices for Tommorrow's Mission
260 _bGrand Rapids: Zondervan Publishing House
_c1988
650 _aMission
942 _2ddc
_cBK
998 _cbat
_e2011-05-20
999 _c8884
_d8884